TUTTO A TUTTI-CORTOMETRAGGIO PER LA PROMOZIONE VOCAZIONALE (Record n. 105034)

Dettagli MARC
000 -LEADER
fixed length control field 01538agaaa2200289 4500
001 - CONTROL NUMBER
control field 8027
003 - CONTROL NUMBER IDENTIFIER
control field IT-RoPAU
005 - DATE AND TIME OF LATEST TRANSACTION
control field 20220918181228.0
007 - PHYSICAL DESCRIPTION FIXED FIELD--GENERAL INFORMATION
fixed length control field d cvaizq
008 - FIXED-LENGTH DATA ELEMENTS--GENERAL INFORMATION
fixed length control field 50131s9999||||xx ||| | || ||und||
040 ## - CATALOGING SOURCE
Original cataloging agency IT-RoPAU
Transcribing agency IT-RoPAU
041 ## - LANGUAGE CODE
Language code of text/sound track or separate title ITALIANO
100 ## - MAIN ENTRY--PERSONAL NAME
Personal name Giacomelli Barbara
Miscellaneous information Codice regista SPICS: 6109
9 (RLIN) 39090
130 ## - MAIN ENTRY--UNIFORM TITLE
Uniform title TUTTO A TUTTI-CORTOMETRAGGIO PER LA PROMOZIONE VOCAZIONALE
9 (RLIN) 39091
245 ## - TITLE STATEMENT
Title TUTTO A TUTTI-CORTOMETRAGGIO PER LA PROMOZIONE VOCAZIONALE
Statement of responsibility, etc. Sceneggiatura: Ruffini Micaela Giacomelli Barbara Kolnorekaj Gjon -- Diretto da: Giacomelli Barbara
Name of part/section of a work TUTTO A TUTTI-CORTOMETRAGGIO PER LA PROMOZIONE VOCAZIONALE (Rif. Codice opera principale : 38027)
250 ## - EDITION STATEMENT
Edition statement Edizione Standard
260 ## - PUBLICATION, DISTRIBUTION, ETC. (IMPRINT)
Place of publication, distribution, etc. ROMA (ITALIA)
Name of publisher, distributor, etc. EDIZIONI PAOLINE FSP /
Date of manufacture "1985 (1° ed.: 1985 ; Ed. Lingua Orig.: 1985)"
300 ## - PHYSICAL DESCRIPTION
Extent VHS
Other physical details sonoro, col.
Dimensions 24 minuti
508 ## - CREATION/PRODUCTION CREDITS NOTE
Creation/production credits note "Fotografia: Spalletta Alberto; Montaggio: Ena Alberto; Musica: Cipriani Stelvio; Sceneggiatura: Ruffini Micaela Giacomelli Barbara Kolnorekaj Gjon; "
520 ## - SUMMARY, ETC.
Summary, etc. PROGRESSO TECNOLOGICO VIDEOGIOCHI TRASFORMAZIONE CHE IL PROGRESSO TECNOLOGICO HA OPERATO SULL'UOMO E SUL MODO DI AFFRONTARE LA VITA INFLUENZA DELLA TELEVISIONE
538 ## - SYSTEM DETAILS NOTE
System details note PAL, STEREO
546 ## - LANGUAGE NOTE
Language note ITALIANO
650 ## - SUBJECT ADDED ENTRY--TOPICAL TERM
Topical term or geographic name as entry element RELIGIOSO
Relator term TV-PROGRAMMI RELIGIOSI [VHS]
General subdivision Codice MATERIA SPICS: 9963
9 (RLIN) 39092
700 ## - ADDED ENTRY--PERSONAL NAME
Personal name Cipriani Stelvio
Relator term (musica)
Miscellaneous information Codice Musica SPICS: 10828
9 (RLIN) 39093
700 ## - ADDED ENTRY--PERSONAL NAME
Personal name Giacomelli Barbara
Relator term (regista)
Miscellaneous information Codice regista SPICS: 6109
9 (RLIN) 39094
942 ## - ADDED ENTRY ELEMENTS (KOHA)
Koha item type VHS - VIDEO
Source of classification or shelving scheme Dewey Decimal Classification
Dati di copia
Withdrawn status Lost status Damaged status Not for loan Home library Current library Date acquired Total Checkouts Full call number Date last seen Price effective from Koha item type Public note
    Buone Condizioni Not For Loan SPICS-MEDIATECA SPICS-MEDIATECA 31/01/2015   38027 31/01/2015 31/01/2015 VHS - VIDEO Progr. Ins.: 2022 / N.Vol.:1 / Copie: 1 / Pag.: / Copia rara: n.d. / date import: 1.2.2015 / By Epidotti, Trombetti, Vaglietti
CREDITS: SOCIETA' SAN PAOLO Via A.Severo, 58 - ROMA (RM) & PERIODICI SAN PAOLO SRL Via Giotto, 36 MILANO & CISF Via Giotto, 36 MILANO & EDIZIONI SAN PAOLO SRL,  Piazza Soncino, 5 CINISELLO BALSAMO (MI) -- ITALY